Источники победы Советского Союза в Великой Отечественной войне. 1941-1945гг.

Bibliographische Detailangaben
1. Verfasser: Земсков А. А. Андрей Андреевич
Zusammenfassung:К 25-летию разгрома фашистской Германии
Sprache:Russisch
Veröffentlicht: Москва, Знание, 1970
Schriftenreihe:В помощь лектору
Schlagworte:
Format: Buch
KOHA link:https://koha.lib.tpu.ru/cgi-bin/koha/opac-detail.pl?biblionumber=111242

MARC

LEADER 00000nam0a2200000 4500
001 111242
005 20231031120758.0
035 |a (RuTPU)RU\TPU\book\120138 
090 |a 111242 
100 |a 20070313d1970 m y0rusy50 ca 
101 0 |a rus 
102 |a RU 
105 |a y z 011zy 
200 1 |a Источники победы Советского Союза в Великой Отечественной войне. 1941-1945гг.  |f А. А. Земсков 
210 |a Москва  |c Знание  |d 1970 
215 |a 31 с. 
225 1 |a В помощь лектору 
300 |a К 25-летию разгрома фашистской Германии 
320 |a Библиогр.: с. 30. 
610 1 |a история 
610 1 |a Великая Отечественная война 1941-1945 
610 1 |a Германия 
610 1 |a фашизм 
610 1 |a разгром 
610 1 |a победа 
610 1 |a источники 
675 |a 9(с)27  |v 3 
700 1 |a Земсков  |b А. А.  |g Андрей Андреевич 
801 1 |a RU  |b 63413507  |c 20070313  |g PSBO 
801 2 |a RU  |b 63413507  |c 20080915  |g PSBO 
942 |c BK